| 000 | 00000nam##2200000za#4500 |
| 001 | 9.663068 |
| 003 | CaOODSP |
| 005 | 20220328113336 |
| 007 | co ||||||||||| |
| 008 | 150407|2001||||xxc |q d f### # fre|d |
| 040 | |aCaOODSP|bfre |
| 041 | |aeng |
| 041 | |afre |
| 043 | |an-cn--- |
| 086 | 1 |aC1-21/2000-MRC |
| 110 | 1 |aCanada. |bIndustrie Canada. |
| 245 | 10|aService de télécommunication au Canada : |h[ressource électronique]|bun aperçu de l'industrie, 1999-2000 / |cPublié par la Direction générale de la politique des télécommunications. |
| 260 | |aOttawa - Ontario : |bIndustrie Canada |c2001. |
| 300 | |a1 disque. |
| 500 | |a«La présente publication présente une vue d'ensemble de l'activité économique, du rendement financier, et des développements relatifs à la réglementation et à l'expansion de l'entreprise dans l'industrie canadienne des services de télécommunication. La publication a été développée à partir des informations obtenues de plusieurs sources différentes, incluant Statistique Canada, les rapports publics de compagnies, et le Conseil de la radiodiffusion et des télécommunications (CRTC).»--Introduction. Comprend deux documents (avec des graphiques en couleurs, ou en noir et blanc) en version Adobe Acrobat (PDF) sous le même titre. |
| 520 | 3 |aLa présente publication présente une vue d'ensemble de l'activité économique, du rendement financier, et des développements relatifs à la réglementation et à l'expansion de l'entreprise dans l'industrie canadienne des services de télécommunication. La publication a été développée à partir des informations obtenues de plusieurs sources différentes, incluant Statistique Canada, les rapports publics de compagnies, et le Conseil de la radiodiffusion et des télécommunications (CRTC).--Introduction |
| 546 | |aBilingue |
| 590 | |a01-31|b2001-08-03 |
| 590 | |a01-34|b2001-08-24 |
| 691 | 07|aIndustrie des communications|2gcpds |
| 691 | 07|aTechnologie industrielle|2gcpds |
| 776 | 0#|tService de télécommunication au Canada : |w(CaOODSP)9.639269 |
| 776 | 0#|tTelecommunications service in Canada : |w(CaOODSP)9.695125 |
| 791 | |tTelecommunications service in Canada : |eeng|w(CaOODSP)9.663067 |